000 00700nam a22002417a 4500
005 20170124110245.0
010 _a848604
020 _c22.50
035 _a848604
037 _bCen Lib/Ret
040 _aDPL
_bEN
082 _a901
_bSWA
100 _aSwain, James Edgar
_997149
245 _aA history of world civilization /
_cby James Edgar Swain
250 _a2nd ed.
260 _aNew Delhi
_bEurasia Publishing House
_c1976
270 _bNew Delhi
_aRam Nagar
_e110055
300 _axx,797p. :
_c20cm(Hb)
_bill.
500 _a Includes index
650 _aCivilization -- History.
_929505
650 _aEurope -- Civilization.
_931992
942 _2ddc
_cEN
_h901
_mSWA
999 _c135455
_d135455